| 000 | 01009 a2200217 4500 | ||
|---|---|---|---|
| 003 | Nust | ||
| 005 | 20221103182214.0 | ||
| 010 | _a 77028685 | ||
| 020 | _a0070709874 | ||
| 040 | _cNust | ||
| 082 | 0 | 0 | _a621.3192,WIN |
| 100 | 1 |
_aWing, Omar. _9102357 |
|
| 245 | 1 | 0 |
_aCircuit theory with computer methods / _cOmar Wing. |
| 260 |
_aWashington : _bHemisphere Pub. Corp., _cc1978. |
||
| 300 |
_axiv, 529 p. : _bill. ; _c25 cm. |
||
| 505 | _aFundamental Laws (Page-10), Electrical Elements (Page-41), Analysis of Simple Linear Circuits (Page-95), First-and Second-Order Circuits (Page-144), Simple Nonlinear Circuits (Page-203), Formulation of Circuits Equation (Page-232), Circuits in the Sinusoidal Steady State (Page-302), Frequency-Domain Analysis (Page-357), Time-Domain Analysis (Page-434), Multiterminal Circuits (Page-480). | ||
| 650 | 0 |
_aElectric circuits. _910997 |
|
| 650 | 0 |
_aElectric networks _xData processing. _995190 |
|
| 650 | 0 |
_aElectrical engineering _xMathematics. _955701 |
|
| 942 |
_2ddc _cBK |
||
| 999 |
_c180951 _d180951 |
||